000 00544cam a2200169 4500500
005 20260111080332.0
041 _afre
042 _adc
100 1 0 _aBroussolle, Yves
_eauthor
245 0 0 _aLes budgets participatifs
260 _c2019.
500 _a32
690 _abudgets participatifs
690 _afinances locales
786 0 _nGestion & Finances Publiques | 3 | 3 | 2019-08-29 | p. 32-38 | 1969-1009
856 4 1 _uhttps://droit.cairn.info/revue-gestion-et-finances-publiques-2019-3-page-32?lang=fr&redirect-ssocas=7080
999 _c1616159
_d1616159